000 00478nam a22001457a 4500
003 OSt
005 20240425115552.0
008 240425b |||||||| |||| 00| 0 eng d
040 _cMRSPTU
100 _aVivekananda, Swami (विवेकानन्द, स्वामी)
245 _aAtmanubhuti Tatha Uske Marga (आत्मानुभूति तथा उसके मार्ग)
260 _aNagpur
_bRam Krishan Muth
_c2017
300 _a104
942 _2ddc
_cBK
_n0
999 _c10143
_d10143